Software testing: (Record no. 157676)

MARC details
000 -LEADER
fixed length control field 00651nam a22002057a 4500
005 - DATE AND TIME OF LATEST TRANSACTION
control field 20180924155032.0
010 ## - LCCN (DPL NO)
LC control number ENG-124043
020 ## - INTERNATIONAL STANDARD BOOK NUMBER
International Standard Book Number 9780199465873
Terms of availability 575.00
035 ## - SYSTEM CONTROL NUMBER
System control number EN-107575
037 ## - SOURCE OF ACQUISITION
Source of stock number/acquisition DBAD/PUB
082 ## - DEWEY DECIMAL CLASSIFICATION NUMBER
Classification number 005.14
100 ## - MAIN ENTRY--PERSONAL NAME
Personal name Chauhan, Naresh
245 ## - TITLE STATEMENT
Title Software testing:
Statement of responsibility, etc by Naresh Chauhan
Remainder of title Principles and practices /
250 ## - EDITION STATEMENT
Edition statement 2nd ed.
260 ## - PUBLICATION, DISTRIBUTION, ETC. (IMPRINT)
Place of publication, distribution, etc New Delhi
Name of publisher, distributor, etc Oxford University Press
Date of publication, distribution, etc 2016
270 ## - ADDRESS
City New Delhi
Postal code 110002
Address 2/11 Ground Floor, Ansari Road, Daryaganj,
300 ## - PHYSICAL DESCRIPTION
Extent xxiv,535p
Dimensions 24cm.(pbk.)
Other physical details ill.
500 ## - GENERAL NOTE
General note It includes referenced and index
942 ## - ADDED ENTRY ELEMENTS (KOHA)
Source of classification or shelving scheme Dewey Decimal Classification
Item type English Books
Classification part 005.14
Call number suffix CHA
Holdings
Withdrawn status Lost status Not for loan Collection code Home library Current library Date acquired Source of acquisition Cost, normal purchase price Full call number Barcode Copy number Cost, replacement price Koha item type
    Not For Loan Non-fiction D.B.Act.Division D.B.Act.Division 24/09/2018 DBAD/PUB 575.00 005.14 CHA EN-107575 1 575.00 English Books
        D.B.Act.Division Patel Nagar 18/10/2018     005.14 CHA       English Books

© Delhi Public Library
Hit Counter
free hit counter